Pedagogika pro učitele ekonomických předmětů

Saved in:
Bibliographic Details
Main Author: Kárníková, Jitka
Corporate Author: Vysoká škola ekonomická v Praze. Národohospodářská fakulta
Format: Book
Language:Czech
Published: Praha Státní pedagogické nakladatelství 1982
Tags: Add Tag
No Tags, Be the first to tag this record!

MARC

LEADER 00000nam a2200000 4500
001 c131565
005 20190201112903.9
041 0 |a cze 
044 |a CZ 
245 1 0 |a Pedagogika pro učitele ekonomických předmětů  |c Jitka Kárníková a kol. 
264 1 |a Praha  |b Státní pedagogické nakladatelství  |c 1982 
300 |a 225 s. 
100 1 |a Kárníková, Jitka 
710 2 |a Vysoká škola ekonomická v Praze. Národohospodářská fakulta